Kruh /
Marsac je malebné mestečko v Pyrenejach, známe vďaka elitnej univerzite. Jeho pokojnú atmosféru rozbúri informácia o vražde mladej profesorky a nález tela miestneho chovateľa psov, ktoré roztrhali na kusy jeho vlastné zvieratá… Kto a prečo rozpútal v tomto univerzitnom meste šialenstvo smrti? Mohlo...
Uloženo v:
| Série: | Martin Servaz (SK),
část 2 |
|---|---|
| Hlavní autor: | |
| Médium: | E-kniha |
| Jazyk: | Czech |
| Vydáno: |
Praha :
Albatros Media Slovakia s.r.o.,
2022
|
| Příbuzné jednotky: | Z cyklu::
Martin Servaz (SK) |
| Tagy: |
Žádné tagy |
| LEADER | 01965nam a22002417i 4500 | ||
|---|---|---|---|
| 001 | 311625 | ||
| 007 | ta | ||
| 008 | 260601s2022 xr ||||| |||| 00| 0 cze d | ||
| 020 | |a 9788056629260 | ||
| 044 | |a xr | ||
| 100 | 1 | |a Minier, Bernard |4 aut | |
| 245 | 1 | 0 | |a Kruh / |c Minier, Bernard |
| 240 | 1 | 0 | |a La Cercle |
| 264 | 1 | |a Praha : |b Albatros Media Slovakia s.r.o., |c 2022 | |
| 300 | |a 1 online zdroj (624 stran) | ||
| 336 | |a text |b txt |2 rdacontent | ||
| 337 | |a bez média |b n |2 rdamedia | ||
| 338 | |a online zdroj |b cr |2 rdacarrier | ||
| 520 | 2 | |a Marsac je malebné mestečko v Pyrenejach, známe vďaka elitnej univerzite. Jeho pokojnú atmosféru rozbúri informácia o vražde mladej profesorky a nález tela miestneho chovateľa psov, ktoré roztrhali na kusy jeho vlastné zvieratá… Kto a prečo rozpútal v tomto univerzitnom meste šialenstvo smrti? Mohlo by byť dielom sériového vraha Hirtmanna? Stačí jeden tajomný telefonát a detektív Martin Servaz začína nové vyšetrovanie. Hlavným podozrivým je totiž syn jeho bývalej lásky z univerzity. Marianne ho zúfalo prosí, aby jej syna zachránil, a Servaz nemôže odmietnuť. Riešenie prípadu donúti detektíva ponoriť sa do vlastnej minulosti a znovu otvoriť staré boľavé rany. Bude to najnebezpečnejšie a najosobnejšie vyšetrovanie jeho doterajšej kariéry… Druhý diel detektívnej série s komisárom Servazom, ktorá sa stala bestsellerovou senzáciou nielen vo Francúzsku. | |
| 787 | 0 | 8 | |g 2 |i Z cyklu: |t Martin Servaz (SK) |
| 910 | |a RBIT002 | ||
| 998 | |d 357661 |a https://core.palmknihy.cz/api/books/357661/cover?si789l |b https://core.palmknihy.cz/api/books/357661/cover/400?si789l |c https://core.palmknihy.cz/api/books/357661/cover/50?si789l |e 2026-11-09 |g 624 |i 9788056629260 |j https://core.palmknihy.cz/api/books/357661/preview.epub |k https://core.palmknihy.cz/api/books/357661/preview.pdf |l |q 49 |r 1 |s https://www.palmknihy.cz/kniha/357661 |t ebook |y 2022 |z 1 |v Martin Servaz (SK) |w 2 | ||
| 999 | |d 311623 | ||